| 000 -LEADER |
| fixed length control field |
01691 a2200313 4500 |
| 003 - CONTROL NUMBER IDENTIFIER |
| control field |
OSt |
| 005 - DATE AND TIME OF LATEST TRANSACTION |
| control field |
20180116192326.0 |
| 008 - FIXED-LENGTH DATA ELEMENTS--GENERAL INFORMATION |
| fixed length control field |
120215t xxu||||| |||| 00| 0 eng d |
| 010 ## - LIBRARY OF CONGRESS CONTROL NUMBER |
| LC control number |
2002156108 |
| 020 ## - INTERNATIONAL STANDARD BOOK NUMBER |
| International Standard Book Number |
0415261880 (hardcover : alk. paper) |
| 020 ## - INTERNATIONAL STANDARD BOOK NUMBER |
| International Standard Book Number |
0415261899 (pbk. : alk. paper) |
| 035 ## - SYSTEM CONTROL NUMBER |
| System control number |
(OCoLC)ocm51342441 |
| 040 ## - CATALOGING SOURCE |
| Transcribing agency |
0 |
| 082 00 - DEWEY DECIMAL CLASSIFICATION NUMBER |
| Classification number |
307.1216 |
| 245 00 - TITLE STATEMENT |
| Title |
Shaping the city : |
| Remainder of title |
studies in history, theory and urban design / |
| Statement of responsibility, etc. |
edited by Edward Robbins and Rodolphe El-Khoury. |
| 260 ## - PUBLICATION, DISTRIBUTION, ETC. |
| Place of publication, distribution, etc. |
New York : |
| Name of publisher, distributor, etc. |
Routledge, |
| Date of publication, distribution, etc. |
2004. |
| 300 ## - PHYSICAL DESCRIPTION |
| Extent |
270 p. : |
| Other physical details |
ill. ; |
| Dimensions |
24 cm. |
| 505 0# - FORMATTED CONTENTS NOTE |
| Formatted contents note |
Atlanta / Rem Koolhaas -- Barcelona: rethinking urbanistic projects / Joan Busquets -- Brasilia, scale and monumentality: Brasilia and other urban projects / Fares el-Dahdah -- Detroit: motor city / Charles Waldheim -- Los Angeles: between cognitive mapping and dirty realism / Paulette Singley -- Philadelphia: the urban design of Philadelphia, taking the towne for the city / Richard Sommer -- San Francisco: San Francisco in an age of reaction / Mitchell Schwarzer -- Asia megacities / Richard Marshall -- The new urbanist city / Edward Robbins -- Cybercity / M. Christine Boyer. |
| 650 #0 - SUBJECT ADDED ENTRY--TOPICAL TERM |
| Topical term or geographic name entry element |
City planning |
| 650 #0 - SUBJECT ADDED ENTRY--TOPICAL TERM |
| Topical term or geographic name entry element |
Metropolitan areas |
| 650 #0 - SUBJECT ADDED ENTRY--TOPICAL TERM |
| Topical term or geographic name entry element |
Cities and towns |
| General subdivision |
History |
| Chronological subdivision |
20th century |
| 650 #0 - SUBJECT ADDED ENTRY--TOPICAL TERM |
| Topical term or geographic name entry element |
Cities and towns |
| General subdivision |
History |
| Chronological subdivision |
21st century |
| 650 #0 - SUBJECT ADDED ENTRY--TOPICAL TERM |
| Topical term or geographic name entry element |
Sociology, Urban. |
| 700 1# - ADDED ENTRY--PERSONAL NAME |
| Personal name |
El-Khoury, Rodolphe. |
| 700 1# - ADDED ENTRY--PERSONAL NAME |
| Personal name |
Robbins, Edward, |
| Dates associated with a name |
1944- |
| 856 42 - ELECTRONIC LOCATION AND ACCESS |
| Materials specified |
Publisher description |
| Uniform Resource Identifier |
<a href="http://www.loc.gov/catdir/enhancements/fy0650/2002156108-d.html">http://www.loc.gov/catdir/enhancements/fy0650/2002156108-d.html</a> |
| 942 ## - ADDED ENTRY ELEMENTS (KOHA) |
| Institution code [OBSOLETE] |
SADA |
| Koha item type |
Book |
| Call number prefix |
307.1216 SHA 2004 |
| Source of classification or shelving scheme |
|